000 00467nam a2200169 4500
001 108440
003 ES-MaACL
005 20230906184637.0
007 t|
008 061121s1930 sp r ||||1| spa d
100 1 _aMontero Gutiérrez, Eloy.
_982525
245 1 3 _aEl matrimonio y las causas matrimoniales /
_cEloy Montero Gutiérrez.
250 _a2.ª ed.
260 _aMadrid :
_bGóngora,
_c1930.
300 _a506 p. ;
_c19 cm.
852 _aES-MaACL
_jF-13932
999 _c108440
_d108440